Pracovníci a mzdy ve státních statcích a v zemědělských družstvech.

Štatistické údaje o pracovníkoch a ich mzdách na štátnych majetkoch a poľnohospodárskych družstvách ČSFR. Počet pracovníkov, priemerná mesačná mzda a počet odpracovaných hodín v ČSFR, ČR a SR a v krajskom členení.

Na minha lista:
Detalhes bibliográficos
Formato: Capítulo de Livro
Idioma:tcheco
Assuntos:
Tags: Adicionar Tag
Sem tags, seja o primeiro a adicionar uma tag!

MARC

LEADER 00000naa a2200000 4500
001 r005280
005 20221125081637.9
041 0 |a cze 
044 |a [CS] 
245 1 0 |a Pracovníci a mzdy ve státních statcích a v zemědělských družstvech. 
520 |a Štatistické údaje o pracovníkoch a ich mzdách na štátnych majetkoch a poľnohospodárskych družstvách ČSFR. Počet pracovníkov, priemerná mesačná mzda a počet odpracovaných hodín v ČSFR, ČR a SR a v krajskom členení. 
610 2 0 |a majetky štátne 
610 2 0 |a JRD 
610 2 0 |a mzdy 
610 2 0 |a údaje štatistické 
610 2 0 |a ČSFR 
610 2 0 |a Čechy 
610 2 0 |a Slovensko 
610 2 0 |a mzdy priemerné 
610 2 0 |a pracovníci poľnohospodárski